00274nam a2200085 a 450000500170000000800410001705000190005810000200007724500910009720140414093837.0030611s19uu xx 00 eng d aCD 900bOR #14 aBlair/Robertson a150 years bank of the Philippine Islands present :bthe Philippine Islands 1493-1898.